| 000 | 00765nam a2200241Ia 4500 | ||
|---|---|---|---|
| 003 | OSt | ||
| 005 | 20220926021009.0 | ||
| 006 | a|||||r|||| 00| 0 | ||
| 007 | ta | ||
| 008 | 220923b |||||||| |||| 00| 0 eng d | ||
| 037 | _cGeneral Book | ||
| 040 |
_aRTL _cRTL _beng |
||
| 041 |
_2eng _aeng |
||
| 082 | _aX6jN23, N3 | ||
| 100 |
_aArestis Philip Ed. _9245074 |
||
| 245 | 0 | _aMoney and banking issues for the twenty-first century | |
| 260 |
_aNew York _bSt. Martin press USA _c1993 |
||
| 300 |
_axxxiii, 319p. Bib chapterwise and p 304-11 _ccm. |
||
| 500 | _aPublished previously as contemporary issues in money and banking | ||
| 650 |
_aCredit _9234994 |
||
| 942 |
_hX6jN23, N3 _cGB _2CC |
||
| 999 |
_c635429 _d635429 |
||